01009nai a2200229Ia 4500003000900000008004100009022002300050022002200073040001600095245004600111260008600157310001400243362002500257521006900282650005800351650004700409650004400456856009300500942000700593999001700600952016200617IN-BaIIA211028c9999 xx s 000 0 eng d a2325-5889 (Online) a2325-5897 (Print) cIIA Library 0aIEEE Electrification Magazineh[eJournal] aNew York, USAbThe Institute of Electrical and Electronics Engineers, Inc. (IEEE) aQuarterly a1(1); 2013 - Present bSubscribed through National Knowledge Resource Consortium (NKRC) a Communication, Networking and Broadcast Technologies a Components, Circuits, Devices and Systems aPower, Energy and Industry Applications uhttps://ieeexplore.ieee.org/servlet/opac?punumber=6508996yClick Here to Access eJournal cEJ c34498d34498 00104070aBANbBANd2009-01-01eNKRCh1(1); 2013 - Presentl0pEJ582r2021-11-05uhttps://ieeexplore.ieee.org/servlet/opac?punumber=6508996w2021-11-05yEJ